Una pregunta para Elena / (Record no. 194110)

MARC details
000 -LEADER
campo de control de longitud fija 02574nam a2200361 i 4500
001 - NÚMERO DE CONTROL
campo de control 194110
003 - IDENTIFICADOR DE NÚMERO DE CONTROL
campo de control SpMaBN
005 - FECHA Y HORA DE LA ÚLTIMA TRANSACCIÓN
campo de control 20250911062700.0
008 - DATOS DE LONGITUD FIJA--INFORMACIÓN GENERAL
campo de control de longitud fija 240419s2023 sp | |||| 000 spa
017 ## - NÚMERO DE COPYRIGHT O DE DEPÓSITO LEGAL
Número de copyright o de depósito legal B 15152-2023
Agencia que asigna Oficina Depósito Legal Barcelona
020 ## - NÚMERO INTERNACIONAL ESTÁNDAR DEL LIBRO
Número Internacional Estándar del Libro 9788423363957
040 ## - FUENTE DE CATALOGACIÓN
Centro catalogador/agencia de origen SpMaBN
Lengua de catalogación spa
Centro/agencia transcriptor SpMaBN
Normas de descripción rda
100 ## - ENTRADA PRINCIPAL--NOMBRE DE PERSONA
Nombre de persona Durá, Marga,
Fechas asociadas al nombre 1971-
9 (RLIN) 46194
245 ## - MENCIÓN DEL TÍTULO
Título Una pregunta para Elena /
Mención de responsabilidad, etc. Marga Durá.
250 ## - MENCION DE EDICION
Mención de edición Primera edición: octubre de 2023
264 ## - PRODUCCIÓN, PUBLICACIÓN, DISTRIBUCIÓN, FABRICACIÓN Y COPYRIGHT
Producción, publicación, distribución, fabricación y copyright Barcelona :
Nombre del de productor, editor, distribuidor, fabricante Editorial Planeta,
Fecha de producción, publicación, distribución, fabricación o copyright [2023]
264 #4 - PRODUCCIÓN, PUBLICACIÓN, DISTRIBUCIÓN, FABRICACIÓN Y COPYRIGHT
Fecha de producción, publicación, distribución, fabricación o copyright @2023
300 ## - DESCRIPCIÓN FÍSICA
Extensión 606 páginas ;
Dimensiones 24 cm
336 ## - TIPO DE CONTENIDO
Término de tipo de contenido Texto
Fuente rdacontent
337 ## - TIPO DE MEDIO
Nombre/término del tipo de medio sin mediación
Fuente rdamedia
338 ## - TIPO DE SOPORTE
Nombre/término del tipo de soporte volumen
Fuente rdacarrier
490 1# - MENCIÓN DE SERIE
Mención de serie Colección Ancora y Delfin ;
Designación de volumen o secuencia 1618
520 ## - RESUMEN, ETC.
Sumario, etc. Mayo de 1952. Berta, una huérfana de veintiún años procedente de un pueblo aragonés, viaja a Barcelona junto con su madre adoptiva, Eleonora, y su hermana Ramona para asistir al XXV Congreso Eucarístico, la gran celebración de la fe católica que pretende insuflar esperanza a una España rota por la miseria de la posguerra. Pero el principal interés de la joven es otro, pues es una ferviente seguidora del consultorio radiofónico conducido por la doctora Elena Francis, un espacio que hechiza a las mujeres de todo el país donde las oyentes y sus historias son las protagonistas. Berta quiere conocer a la célebre doctora y pedirle un consejo que puede dar un giro a su vida, y se alojarán en casa de la prima de Eleonora, Úrsula, guionista del programa y cuya hija, Gabriela, es locutora.<br/><br/>En el momento en que pisa el estudio de radio, la vida de Berta da un vuelco, y se atreverá a soñar con formar parte de este mundo, que la acerca a la tan ansiada libertad. A lo largo de su estancia en la ciudad tendrá la oportunidad de conocer a una serie de mujeres que la cambiarán para siempre, y el azar las hará cómplices de un suceso del que serán a la vez víctimas y responsables, y que las mantendrá unidas pase lo que pase.
650 #4 - PUNTO DE ACCESO ADICIONAL DE MATERIA--TÉRMINO DE MATERIA
9 (RLIN) 15636
Término de materia o nombre geográfico como elemento de entrada Novela española-
Subdivisión cronológica S.XX
655 #0 - TERMINO DE INDIZACIÓN--GENERO/FORMA
Datos o término principal de género/forma Novelas
9 (RLIN) 234319
830 #0 - PUNTO DE ACCESO ADICIONAL DE SERIE-TÍTULO UNIFORME
Título uniforme Áncora y Delfín
Designación de volumen o secuencia 1618
9 (RLIN) 151298
852 ## - LOCALIZACIÓN
Ubicación ES-MaACL
Sublocalización o colección R.155086
Ubicación en estantería Depósito J
Número de control de estantería N-9861
Encuadernación Encuadernación cartoné con sobrecubiertas
Donativo/Legado Donación: José Lázaro García
itemnumber 201782
Anotaciones manuscritas Firmado por José Lázaro García
903 ## - NOMBRE PERSONAL DE DONANTE
9 234219
a Lázaro García, José
e Donante
942 ## - ELEMENTOS DE ENTRADA SECUNDARIOS (KOHA)
Tipo de ítem Koha Libro impreso
Suprimir en OPAC No
Holdings
Estatus retirado Estado de pérdida Fuente del sistema de clasificación o colocación Estado de daño No para préstamo Biblioteca de origen Biblioteca actual Ubicación en estantería Fecha de adquisición Fuente de adquisición Total de préstamos Signatura topográfica completa Código de barras Visto por última vez Precio de reemplazo Tipo de ítem Koha
    Clasificación decimal universal     Biblioteca del Ateneo de Madrid Biblioteca del Ateneo de Madrid Depósito J 19/04/2024 Donación   N-9861 101226989 19/04/2024 19/04/2024 Libro impreso